Statistics for UEFA Champions League Finals

Click here to take the quiz!

General Stats

  • This quiz has been taken 21,313 times
    (21,310 since last reset)
  • The average score is 37 of 66

Answer Stats

Answers% Correct
Barcelona
96%
Camp Nou, Barcelona
96%
Real Madrid
96%
Bayern Munich
94%
Old Trafford, Manchester
94%
Chelsea
93%
Internazionale
92%
Liverpool
92%
Milan
91%
San Siro, Milan
91%
Porto
87%
Juventus
86%
Manchester United
84%
Ajax
83%
Arsenal
82%
Benfica
79%
Borussia Dortmund
78%
Wembley Stadium, London
77%
Olympique Marseille
73%
Santiago Bernabeu, Madrid
71%
Nottingham Forest
69%
Parc des Princes, Paris
69%
PSV Eindhoven
69%
Celtic
68%
Valencia
68%
Aston Villa
65%
Monaco
64%
Olympiastadion, Munich
64%
Red Star Belgrade
64%
Allianz Arena, Munich
63%
Hamburger SV
62%
Feyenoord
57%
Luzhniki Stadium, Moscow
57%
Roma
57%
Ataturk Olympic Stadium, Istanbul
56%
Stadio Olimpico, Rome
55%
Atletico Madrid
54%
Estadio Nacional, Lisbon
53%
Bayer Leverkusen
51%
Amsterdam Arena, Amsterdam
50%
Olympisch Stadion, Amsterdam
50%
Steaua Bucuresti
48%
Hampden Park, Glasgow
45%
Olympic Stadium, Athens
45%
Heysel Stadium, Brussels
35%
Leeds United
34%
Red Star Stadium (Marakana), Belgrade
32%
Ernst Happel Stadion, Vienna
31%
Prater Stadium, Vienna
31%
Sampdoria
31%
Wankdorf Stadium, Bern
31%
Fiorentina
28%
Stade de Reims
28%
De Kuip, Rotterdam
25%
Malmo FF
25%
Estadio Ramon Sanchez Pizjuan, Seville
21%
Borussia Monchengladbach
20%
Eintracht Frankfurt
20%
Panathinaikos
20%
Partizan
20%
Neckarstadion, Stuttgart
19%
Stade de France, Saint Denis
19%
Saint Etienne
18%
AufSchalke Arena, Gelsenkirchen
17%
Club Brugge
15%
Stadio San Nicola, Bari
13%

Score Distribution

Percentile by Number Answered

Percent of People with Each Score

Your Score History

You have not taken this quiz since the last reset